000 00837nam a2200181Ia 4500
008 151202s9999||||xx |||||||||||||| ||und||
082 _bPNVM-123238
100 _aपरांजपे ग.प्र.
245 _aदासपणू संतकवी वाङमयीन अभ्यास कृ.ध.चित्र1
260 _b"श्रीराधादामोदर प्रतिष्ठान, पुणे."
260 _c1994
300 _a322
600 _aपरांजपे ग.प्र.
630 _aदासपणू संतकवी वाङमयीन अभ्यास कृ.ध.चित्र1
700 _aपरांजपे ग.प्र.
730 _aदासपणू संतकवी वाङमयीन अभ्यास कृ.ध.चित्र1
942 _cBOOK
999 _c1353367
_d1353364